How Covid-19 Influenced Customer Buying Behaviour and Business Results of E-shops
V dôsledku pandémie Covid-19 sa rast trhu elektronického obchodu stal dynamickejším. Vládne obmedzenia a prehodnotenie marketingových stratégií firiem do online prostredia. Analýza dát niekoľkých e-shopov na vysvetlenie dopadu pandémie.
Guardado en:
| Autor principal: | |
|---|---|
| Formato: | Capítulo de libro |
| Lenguaje: | inglés |
| Materias: | |
| Etiquetas: |
Sin Etiquetas, Sea el primero en etiquetar este registro!
|
MARC
| LEADER | 00000naa a2200000 4500 | ||
|---|---|---|---|
| 001 | 0283658 | ||
| 005 | 20240417075205.2 | ||
| 041 | 0 | |a eng | |
| 044 | |a CZ | ||
| 245 | 1 | 0 | |a How Covid-19 Influenced Customer Buying Behaviour and Business Results of E-shops |c Daniel Kvíčala |
| 520 | |a V dôsledku pandémie Covid-19 sa rast trhu elektronického obchodu stal dynamickejším. Vládne obmedzenia a prehodnotenie marketingových stratégií firiem do online prostredia. Analýza dát niekoľkých e-shopov na vysvetlenie dopadu pandémie. | ||
| 610 | 2 | 0 | |a stratégia marketingová |
| 610 | 2 | 0 | |a správanie spotrebiteľa |
| 610 | 2 | 0 | |a komunikácia marketingová |
| 610 | 2 | 0 | |a koronavírus |
| 610 | 2 | 0 | |a rozhodovanie nákupné |
| 610 | 2 | 0 | |a pandémia |
| 100 | 1 | |a Kvíčala, Daniel | |